Gandhiji and his disciples (Record no. 356511)

MARC details
000 -LEADER
fixed length control field 00437 a2200169 4500
005 - DATE & TIME
control field 20241219112028.0
008 - FIXED-LENGTH DATA ELEMENTS--GENERAL INFORMATION
fixed length control field 241218b |||||||| |||| 00| 0 eng d
020 ## - ISBN
International Standard Book Number 9788123711164
Price Rs. 155.00
040 ## - CATALOGING SOURCE
Original cataloging agency VIVEKANANDA LIBRARY
082 ## - DDC NUMBER
Classification number B.08
Book Number P192G
100 ## - MAIN ENTRY--PERSONAL NAME
Personal name Pandya, Jayant
245 ## - TITLE STATEMENT
Title Gandhiji and his disciples
260 ## - PUBLICATION, DISTRIBUTION, ETC. (IMPRINT)
Name of publisher, distributor, etc National Book Trust, India
Date of publication, distribution, etc 2021
Place of publication, distribution, etc New Delhi
300 ## - PHYSICAL DESCRIPTION
Pages xii, 179
650 ## - Subject
Subject Biographies
942 ## - ADDED ENTRY ELEMENTS (KOHA)
Koha item type Books
Holdings
Withdrawn status Lost status Source of classification or shelving scheme Damaged status Not for loan Location (home branch) Sublocation or collection (holding branch) Shelving location Date acquired Koha issues (times borrowed) Koha full call number Accession No. Koha date last seen Koha item type
    Dewey Decimal Classification     VIVEKANANDA LIBRARY VIVEKANANDA LIBRARY Vivekananda Library 12/11/2024 1 B.08 P192G 440766 17/03/2025 Books
© Designed and Maintained by Vivekananda Library, MDU Rohtak